02188nam a2200493 i 450000100060000000300080000600500170001400600190003100700150005000800410006502000180010602000270012403500230015103500240017403500250019803500210022304000310024405000240027508000100029908200190030910000300032824502210035826401220057930000410070133600310074233700330077333800430080649000250084950000580087450400430093258801240097559001640109965000430126365000690130665000390137565000520141465500270146670000360149370000410152979700190157083000260158985600620161599900170167719882FlNmELB20241216213812.0m o d | cr cnu||||||||150708s2010 mx ob 000 0 spa d z9786074012408 a9781512904284 (e-book) a(MiAaPQ)EBC3429285 a(Au-PeEL)EBL3429285 a(CaPaEBR)ebr11059819 a(OCoLC)949137141 aFINmELBbspaerdacFINmELB 4aP95.82.M6bS27 2010 a304.20 a302.2309722231 aSánchez Gudiño, Hugo.10aComunicación y democracia :breflexiones sobre el nuevo escenario mediático y legal de los medios de comunicacion en Mexico /cHugo Sánchez Gudiño, Fernando García Hernández, Aldo Silvestre de la O Tapia. 1aMéxico :bUniversidad Nacional Autonoma México, Facultad de Estudios Superiores Aragón :bM.A. Porrúa,c2010. a1 recurso en línea (116 páginas) atextobtxt2rdacontent/spa acomputadorabc2rdamedia/spa arecurso en líneabcr2rdacarrier/spa1 aSerie Comunicación a"Reforma electoral, Televisa y Ley de Transparencia." aContiene referencias bibliográficas. aDescripción basada en recurso en línea; Título de la página del título en PDF (e-libro, visto July 08, 2015). aRecurso electrónico. Santa Fe, Arg.: e-libro, 2015. Disponible vía World Wide Web. El acceso puede estar limitado para las bibliotecas afiliadas a e-libro. 0aMass mediaxPolitical aspectszMexico. 4aMedios de comunicación masivaxAspectos políticoszMéxico. 0aCommunication in politicszMexico. 4aComunicaciónxAspectos políticoszMéxico. 4aLibros electrónicos.1 aGarcía Hernández, Fernando.1 aDe la O Tapia, Aldo Silvestre de la.2 ae-libro, Corp. 0aSerie Comunicación.40uhttps://elibro.net/ereader/politecnicointernacional/38274 c19882d19882